000 01998nam0a2200325 4500
001 RU\NLR\BIBL_A\022346222
005 20260420015531.0
010 _a978-5-907884-51-9
_9500
021 _aRU
_bКН-П-24-051029
_9КН-П-24-5074
035 _a(NLR Aleph) 022346222
090 _a13666755
_c13666755
100 _a20241008d2024 k y0rusy50 ca
101 0 _arus
102 _aRU
105 _aa z 000yy
181 0 _ai
_baxxe
182 0 _an
200 1 _aРазвитие методики аудита основных средств в сельскохозяйственных организациях
_eмонография
_fС. А. Кучеренко, В. П. Попов
_gМинистерство сельского хозяйства Российской Федерации, Федеральное государственное бюджетное образовательное учреждение высшего образования "Кубанский государственный аграрный университет имени И. Т. Трубилина"
203 _aТекст
_bвизуальный
_cнепосредственный
210 _aКурск
_cУниверситетская книга
_d2024
215 _a99 с.
_cил., табл.
_d20
320 _aБиблиогр.: с. 95-99 (61 назв.)
606 1 _aСельскохозяйственные организации
_xЭкономический анализ
_92134579
_3RU\NLR\AUTH\661591592
686 1 _aУ32(0)1-24
700 1 _aКучеренко
_bС. А.
_cканд. экон. наук, бухгалтерский учет
_gСергей Анатольевич
_9155196
_3RU\NLR\AUTH\770155235
701 1 _aПопов
_bВ. П.
_cканд. экон. наук, бухгалтерский учет
_gВиталий Павлович
_9155187
_3RU\NLR\AUTH\770155226
942 _cBOOK
980 _aNB